Hoàng Phủ Ngọc Tường tuyển tập

Tallennettuna:
Bibliografiset tiedot
Päätekijä: HOÀNG PHỦ NGỌC TƯỜNG
Aineistotyyppi: Kirja
Kieli:Undetermined
Julkaistu: Tp. HCM Trẻ 2002
Aiheet:
Tagit: Lisää tagi
Ei tageja, Lisää ensimmäinen tagi!
Thư viện lưu trữ: Trung tâm Học liệu Trường Đại học Cần Thơ
LEADER 00534nam a2200169Ia 4500
001 CTU_49154
008 210402s9999 xx 000 0 und d
082 |a 895.922008 
082 |b T561/T 
100 |a HOÀNG PHỦ NGỌC TƯỜNG 
245 0 |a Hoàng Phủ Ngọc Tường tuyển tập 
245 0 |c HOÀNG PHỦ NGỌC TƯỜNG 
260 |a Tp. HCM 
260 |b Trẻ 
260 |c 2002 
650 |a vietnamese literaturre - 20th century - collections 
980 |a Trung tâm Học liệu Trường Đại học Cần Thơ